000 00696nam a2200193Ia 4500
003 GCL
008 140319s9999 xx 000 0 ara d
020 _a4316305977
040 _aGCL /
_cGCL
082 0 4 _a792.015
_bم ب
100 1 _aمجموعة باحثين
245 1 0 _aبرنارد- مارى كولتيس فى ملتقى الكتابات المعاصرة /
_cمجموعة باحثين
260 _aالقاهرة :
_bوزارة الثقافة - مهرجان القاهرة الدولى للمسرح التجريبى ،
_c2002
300 _a293 ص ؛
_c22 سم
490 _a
650 0 4 _aالمسرح - تاريخ ونقد
650 0 4 _aالمسرح - عروض
942 _2ddc
_cBK
999 _c58948
_d58948